000 00542cam1a220016900 4500
005 20190819093738.0
008 980326
020 _a2707310085
035 _a(Sirsi) a141191
050 0 _aB3501
_bBea 1985
100 1 _aBeaufret, Jean
_6A110511.1
245 1 0 _aDialogue avec Heidegger:
_ble chemin de Heidegger /
_cJean Beaufret.
260 _aParis:
_bMinuit,
_c1985.
504 _aBibliography
650 0 _aPhilosophy, -- Greek(modern)
_xPhilosophy, -- Greek(modern)
_6S84429.1
650 0 _aPhilosophy
_6S3111.1
999 _c98162
_d98162